Ready for school / (Record no. 7350)

MARC details
000 -LEADER
fixed length control field 00759nam a22002657a 4500
001 - CONTROL NUMBER
control field 7350
003 - CONTROL NUMBER IDENTIFIER
control field FISKH
005 - DATE AND TIME OF LATEST TRANSACTION
control field 20250710102924.0
008 - FIXED-LENGTH DATA ELEMENTS--GENERAL INFORMATION
fixed length control field 250710b cb ||||| |||| 00| 0 eng d
020 ## - INTERNATIONAL STANDARD BOOK NUMBER
International Standard Book Number 9781595159526
040 ## - CATALOGING SOURCE
Original cataloging agency FISKH
Language of cataloging eng
Transcribing agency FISKH
Modifying agency FISKH
050 ## - LIBRARY OF CONGRESS CALL NUMBER
Classification number PC4680.S377
082 ## - DEWEY DECIMAL CLASSIFICATION NUMBER
Classification number 468.2
100 ## - MAIN ENTRY--PERSONAL NAME
Personal name Schaefer, Ted
245 ## - TITLE STATEMENT
Title Ready for school /
Statement of responsibility, etc. Ted Schaefer
260 ## - PUBLICATION, DISTRIBUTION, ETC.
Place of publication, distribution, etc. Minnesota :
Name of publisher, distributor, etc. Rourke Education Media,
Date of publication, distribution, etc. 2007.
300 ## - PHYSICAL DESCRIPTION
Extent 16 pages :
Other physical details color illustrations ;
Dimensions 21 cm
505 ## - FORMATTED CONTENTS NOTE
Formatted contents note E<br/>
520 ## - SUMMARY, ETC.
Summary, etc. Describes The Tools Needed To Be Ready For School.
521 8# - TARGET AUDIENCE NOTE
Target audience note 200<br/>
Source Lexile estimate<br/>
521 8# - TARGET AUDIENCE NOTE
Target audience note E<br/>
Source Raz-Plus<br/>
650 ## - SUBJECT ADDED ENTRY--TOPICAL TERM
Topical term or geographic name entry element School Readiness
Form subdivision Vocabulary Builder
942 ## - ADDED ENTRY ELEMENTS (KOHA)
Source of classification or shelving scheme Dewey Decimal Classification
Koha item type Books
Suppress in OPAC No
Holdings
Withdrawn status Lost status Source of classification or shelving scheme Damaged status Not for loan Collection Home library Current library Shelving location Date acquired Total Checkouts Full call number Barcode Date last seen Copy number Price effective from Koha item type
    Dewey Decimal Classification     Non-Fiction Footprints International School Library Network Toul Kork Campus Footprints International School Library Network Toul Kork Campus TK Primary Library Room(4th Floor), Bookcase 7, Shelves 57-60, Dark Green Books 07/10/2025   SCH 468.2 PC4680.S377 FISTK02405 07/10/2025 1 07/10/2025 Books